| 000 | 00929nam0a22003251 4500 | ||
|---|---|---|---|
| 001 | v19\rc\1969529 | ||
| 005 | 20251118181053.5 | ||
| 035 | _a(NLR Aleph) 005051813 | ||
| 090 |
_a6902651 _c6902651 |
||
| 100 | _a20080428d1914 u y0rusy50 ca | ||
| 101 | 0 | _arus | |
| 102 | _aRU | ||
| 105 | _ay z ||||| | ||
| 200 | 1 | _aГеройство Сербской армии | |
| 210 |
_aМосква _cтип. И.В. Бельцова _d1914 |
||
| 215 |
_a16 с. _d18 |
||
| 300 | _aВ конце текста: Р.С. | ||
| 606 | 1 |
_aБитва при Колубаре _z1914 _92279037 _3RU\NLR\AUTH\6601593929 |
|
| 686 | 1 | _aЦ35(0)532.223 | |
| 702 | 0 |
_aР. С. _4220 |
|
| 801 | 0 |
_aRU _bNLR _gpsbo |
|
| 801 | 0 |
_aRU _bRuMoRGB _2psbo |
|
| 801 | 1 |
_aRU _bProSoft-M _2rusmarc |
|
| 852 |
_aNLR _j37.80.6.239 |
||
| 899 | _aБАН | ||
| 899 |
_aRuMoRGB _jV 316/323 |
||
| 899 |
_aRuMoRGB _jΔ 64/526 |
||
| 942 | _cBOOK | ||
| 980 | _aNB | ||